000 00756nam a2200217 u 4500
001 000020342
005 20200929170356.0
008 100813s2015 dr 000 0 spa d
020 _a9789945492477
040 _aDO-SdBNP
_bspa
_cBNPHU
082 _axxx
_bxxxx
100 1 _aDomínguez, Franklin
_d1931-
_914950
245 1 0 _aPrud´Homme :
_bla historia de una canción /
_cFranklin Domíngue.
246 1 0 _aObra teatral en un solo acto largo
260 _aSanto Domingo :
_bMinisterio de Cultura,
_c2015.
300 _a70 p. ;
_c24 cm.
490 1 _aPremios Nacionales
500 _aIncluye datos biográficos del autor en la solapa de la cubierta
586 _aPremio Nacional de Teatro Cristóbal de Llerena 2014
830 0 _aPremios Nacionales
_9718
999 _c19846
_d19846